[Event "SVK-chT 1011"]
[Site "Slovakia"]
[Date "2011.02.19"]
[Round "5.4"]
[White "Berezjuk, Sergej"]
[Black "Rachela, Milan"]
[Result "1-0"]
[WhiteElo "2379"]
[BlackElo "2395"]
[PlyCount "59"]
[EventDate "2010.11.27"]
[EventType "team-tourn"]
[EventRounds "11"]
[EventCountry "SVK"]
[SourceTitle "EXT 2012"]
[Source "ChessBase"]
[SourceDate "2011.11.24"]
[SourceVersion "1"]
[SourceVersionDate "2011.11.24"]
[SourceQuality "1"]
[WhiteTeam "Cadca"]
[BlackTeam "Dunajska Streda"]
[WhiteTeamCountry "SVK"]
[BlackTeamCountry "SVK"]

1. d4 Nf6 2. c4 e6 3. Nf3 Bb4+ 4. Bd2 c5 5. Bxb4 cxb4 6. g3 Nc6 7. Bg2 d6 8. d5 exd5 9. cxd5 Ne7 10. Qa4+ Bd7 11. Qxb4 0-0 12. 0-0 Nexd5 13. Qxd6 Re8 14. Nd4 Bg4 15. Qxd8 Raxd8 16. e3 Ne4 17. Na3 Ng5 18. h4 Ne6 19. Nab5 Nb4 20. Bxb7 a6 21. Nxe6 fxe6 22. Nd4 e5 23. Nb3 Rb8 24. Be4 Rb6 25. Nc5 Nc6 26. Na4 Reb8 27. Nxb6 Rxb6 28. Rac1 Ne7 29. Rc7 Kf7 30. Rb7 1-0